Anschlussstellen der BAB 93 - Statistiken

Allgemein
  • Dieses Quiz wurde 47 mal gespielt
  • Das Durchschnittsergebnis liegt bei 30 aus 61
Antwortstatistiken
Anschlussstelle % Korrekt
44 AK Regensburg
95%
42 Regensburg-Königswiesen
95%
43 Regensburg-Kumpfmühl
95%
38 Regensburg-Nord
95%
39 Regensburg-Pfaffenstein
95%
41 Regensburg-Prüfening
95%
45 Regensburg-Süd
95%
40 Regensburg-West
95%
2 Hof-Ost
90%
4 Hof-Süd
90%
24 Weiden-Frauenricht
86%
22 Weiden-Nord
86%
25 Weiden-Süd
86%
23 Weiden-West
86%
60 Kiefersfelden
67%
33 Schwandorf-Mitte
67%
32 Schwandorf-Nord
67%
34 Schwandorf-Süd
67%
8 Selb-Nord
67%
9 Selb-West
67%
13 Marktredwitz-Nord
57%
14 Marktredwitz-Süd
57%
21a Neustadt an der Waldnaab
57%
59 Oberaudorf
57%
12 Wunsiedel
52%
55 AD Holledau
48%
56 AD Inntal
48%
5 Rehau-Nord
48%
6 Rehau-Süd
48%
1 AD Hochfranken
43%
58 Brannenburg
43%
16 Mitterteich-Nord
43%
17 Mitterteich-Süd
43%
37 Regenstauf
38%
49 Abensberg
33%
28 AK Oberpfälzer Wald
33%
46 Bad Abbach
33%
48 Hausen
33%
53 Mainburg
33%
26 Luhe-Wildenau
29%
30 Nabburg
29%
29 Pfreimd
29%
31 Schwarzenfeld
29%
50 Siegenburg
29%
27 Wernberg-Köblitz
29%
20 Windischeschenbach
29%
54 Wolnzach
29%
47 Dreieck Saalhaupt
24%
51 Elsendorf
24%
19 Falkenberg
24%
36 Ponholz
24%
3 Regnitzlosau
24%
18 Wiesau
24%
52 Aiglsbach
19%
21b Altenstadt an der Waldnaab
19%
15 Pechbrunn
19%
57 Reischenhart
19%
35 Teublitz
19%
11 Thiersheim
19%
10 Höchstädt
14%
7 Schönwald
14%
Keine übereinstimmenden Quizze gefunden
Verteilung der Resultate
Anzahl Personen mit jedem Resultat
Perzentil nach korrekt beantworteten Fragen
Ihre Resultats-Entwicklung
Sie haben dieses Quiz noch nicht gespielt